000 00538ntaaa2200205 4500
003 01
005 20251027202141.0
008 0714s1973 ag 01
040 _aAR-BaBN
_bspa
_cAR-BaBN
_eaacr
_dRIC
082 _a264.0000 B81
100 _aBrown, Jeanette Perkins
_920003
245 _aChildren's worship in the church school
250 _a1 ed.
260 _aNew York :
_bHarper Brothers,
_cc1939
300 _a233 p
500 _aA guide to building worship programs
650 _aadoración
650 _aprogramas
942 _cBK
999 _c16470
_d16470